แสดงรายละเอียดบรรณานุกรม
  กลับหน้าหลัก

Brief Record : Get Marc (ISO 2709) : E-mail record : QR code ปิดหน้าต่าง
E-books : เกี่ยวกับ Collections
LEADER 00000nama 2200000uu 4500
001    186698
003     ULIBM
008    040531s2544 th m m a000 0 tha d
020    974-690-049-6
041    tha
050    DS586 ว719ก
100    วิลาศ มณีวัต
245    พระราชอารมณ์ขัน
246    พระราชดำรัส
250    10
260    กรุงเทพฯ ดอกหญ้า 2544
300    200 หน้า
650    ภูมิพลอดุลยเดช,พระบาทสมเด็จพระปรมินทรมหา,
998    2001-09-11
999    ^aใช้งานได้ทุกระบบ
รายการนี้ยังไม่มีแท็ก
คุณยังไม่ได้ล็อกอิน คุณสามารถมีกิจกรรมร่วมกับเว็บไซต์ได้ แต่ต้องล็อกอินก่อน ::
  ล็อกอิน
ลำดับที่ ประเภท เลขเรียก สถานที่ สถานะ
1. หนังสือทั่วไป
หนังสือทั่วไป
DS586 ว719ก 2544  
  
หนังสือทั่วไป On Shelf
  ขอยืม
2. หนังสือทั่วไป
หนังสือทั่วไป
DS586 ว719ก 2544  
  
หนังสือทั่วไป On Shelf
  ขอยืม
   [แสดง 2/2 รายการ]

รายการใกล้เคียง
    หัวเรื่อง [ภูมิพลอดุลยเดช,พระบาทสมเด็จพระปรมินทรมหา,]

BibComment


ยังไม่เคยถูกคอมเมนท์

คอมเมนท์ทรัพยากรรายการนี้
  คอมเมนท์: พระราชอารมณ์ขัน
Bib 186698

 
 
 

 Union Library Management : ULibM
Copyright 2026. All Rights Reserved.
скачать бесплатно без регистрации порно красивый секс HD Sex Hindi sex

xxx gou

xxxx

bfxxx

xxxwww

Секса Видео

xxxx

Секса Видео

detube

geilexxx

C99 Shell

worms shell

blod xxx video
Ebony Coed Rihanna Rimes Takes A Dick In Her Young Twat priyaa indian fuck anal and pusssy hardcore indian women xxx desi hardcore fucking part 1 bengalixxxcouple